000 00780nas a2200253 4500
001 BR9208603
003 BR-BrBNA
005 20231205093129.0
007 ta
008 230509b bl.|||p| |||| 00| 00por d
040 _aBR-BrBNA
_bpor
_cBiblioteca Nacional de Agricultura
041 _a(Pt)
072 _aK10
100 1 _aCarvalho, N.M. de
100 1 _aDemattie, M.E.S.P.
100 1 _aGraziano, T.T.
245 1 _aGerminacao de sementes de essencias florestais nativas; 1. suina ou mulungu (Erythrina speciosa Andr)
650 _aERITRINA
650 _aSEMENTE
650 _aGERMINACAO
773 0 _tRevista Brasileira de Sementes (Brazil)
_xISSN 0101-3122
_g(1980), v. 2(1) p. 81-87
_wBR9208603
909 _a202311
_bLúcia
_c55
_dLúcia Elande
942 _2AGRIS
_n0
_cANA
999 _c136397
_d136397